000 00548nam a2200217Ia 4500
003 OSt
005 20220928145318.0
006 a|||||r|||| 00| 0
007 ta
008 220927b |||||||| |||| 00| 0 eng d
024 _a80049
037 _cTextual
040 _aSDCL
_cSDCL
_beng
041 _2eng
_aeng
082 _aV3,41C'N4, M6
100 _aBebber G C
_9512517
245 0 _aIdeology of the British right 1918 - 1939.
260 _c1986
942 _hV3,41C'N4, M6
_cTEXL
_2CC
999 _c833105
_d833105